El niño del alba: (Registro nro. 30532)
[ vista simple ]
| 000 -LÍDER | |
|---|---|
| campo de control de longitud fija | 01135nam a22002537a 4500 |
| 005 - FECHA Y HORA DE LA ÚLTIMA | |
| campo de control | 20240208175325.0 |
| 008 - ELEMENTOS DE DATOS DE LONGITUD FIJA - INFORMACIÓN GENERAL | |
| campo de control de longitud fija | 240208b |||||||| |||| 00| 0 eng d |
| 020 ## - NÚMERO INTERNACIONAL NORMALIZADO DEL LIBRO | |
| Número de libro estándar internacional | 9580436355 |
| 037 ## - FUENTE DE ADQUISICIÓN | |
| Materials specified | Donación |
| 040 ## - FUENTE DE CATALOGACIÓN | |
| Agencia de catalogación original | CO-JMCR |
| Agencia de transcripción | CO-JMCR |
| Agencia modificadora | CO-JMCR |
| Convenciones de descripción | rda |
| 041 ## - CÓDIGO DE IDIOMA | |
| Código de idioma del texto/pista de sonido o título independiente | spa |
| 082 ## - NÚMERO DE CLASIFICACIÓN DECIMAL DEWEY | |
| Número de edición | 23 |
| Número de clasificación | 158.3 |
| Número de artículo | C54e |
| 100 ## - ENTRADA PRINCIPAL - NOMBRE PERSONAL | |
| Nombre personal | Chopra, Gautama |
| Término relativo | autor |
| 9 (RLIN) | 43278 |
| 245 ## - DECLARACIÓN DEL TÍTULO | |
| Título | El niño del alba: |
| Resto del título | Un viaje magico hacia el despertar / |
| Declaración de responsabilidad, etc. | Gautama Chopra; traducción de Adriana de Hassan |
| 246 ## - FORMA VARIABLE DEL TÍTULO | |
| Título propiamente dicho/título corto | Child of the dawn |
| 260 ## - PUBLICACIÓN, DISTRIBUCIÓN, ETC. | |
| Lugar de publicación, distribución, etc. | Bogotá: |
| Nombre del editor, distribuidor, etc. | Norma, |
| Fecha de publicación, distribución, etc. | 1996 |
| 300 ## - DESCRIPCIÓN FÍSICA | |
| Medida | 223 páginas; |
| Dimensiones | 19 cm. |
| 520 ## - RESUMEN, ETC. | |
| Resumen, etc | Libro El niño del alba. Se trata de un relato acerca de un niño que busca el significado d la vida y el poder, estaba extraviado. De alguna manera, durante su corta vida, había perdido el rumbo. Es una parábola basada en el bestseller internacional, Las siete leyes espirituales del éxito. Libro El niño del alba. |
| 650 ## - ENTRADA AÑADIDA DE ASUNTO - TÉRMINO TEMÁTICO | |
| Fuente del encabezado o término | JMCR |
| -- | Autoayuda |
| Subdivisión de formulario | Historia |
| 9 (RLIN) | 43279 |
| 650 ## - ENTRADA AÑADIDA DE ASUNTO - TÉRMINO TEMÁTICO | |
| Fuente del encabezado o término | JMCR |
| -- | Significado de la vida |
| 9 (RLIN) | 43280 |
| 650 ## - ENTRADA AÑADIDA DE ASUNTO - TÉRMINO TEMÁTICO | |
| Fuente del encabezado o término | JMCR |
| -- | Leyes espirituales |
| Subdivisión general | exito |
| 9 (RLIN) | 43281 |
| 700 ## - ENTRADA AGREGADA - NOMBRE PERSONAL | |
| Nombre personal | Hassan, Adriana |
| 9 (RLIN) | 13857 |
| 942 ## - ELEMENTOS DE ENTRADA AÑADIDOS (KOHA) | |
| Source of classification or shelving scheme | Dewey Decimal Classification |
| Tipo de artículo Koha | Books |
| 999 ## - | |
| -- | 30532 |
| -- | 16916 |
No hay ítems disponibles.